| 000 | 00961nas a2200325 4500 | ||
|---|---|---|---|
| 001 | BR0804383 | ||
| 003 | BR-BrBNA | ||
| 005 | 20231205112338.0 | ||
| 007 | ta | ||
| 008 | 230509b bl.|||p| |||| 00| 00por d | ||
| 040 |
_aBR-BrBNA _bpor _cBiblioteca Nacional de Agricultura |
||
| 041 | _a(Pt) | ||
| 072 | _aL73 | ||
| 100 | 1 | _aRodrigues, D.N. | |
| 100 | 1 | _aMoreira, M.D. | |
| 100 | 1 | _aReis, D.O. | |
| 100 | 1 | _aAlmeida, L.P. de | |
| 100 | 1 | _aSantos, C.C.G. dos | |
| 245 | 1 | _aIncidência de tuberculose em bovinos abatidos em frigorífico do triângulo mineiro (1999-2003) | |
| 650 | _aGADO DE CORTE | ||
| 650 | _aDOENÇA ANIMAL | ||
| 650 | _aTUBERCULOSE | ||
| 650 | _aBACTÉRIA | ||
| 650 | _aABATEDOURO | ||
| 650 | _aFRIGORÍFICO | ||
| 650 | _aINSPEÇÃO SANITÁRIA | ||
| 773 | 0 |
_tHigiene Alimentar (Brazil) _xISSN 0101-9171 _g(Nov 2007), v. 21(156) p. 120-123 _wBR0804383 |
|
| 909 |
_a202311 _bLúcia _c55 _dLúcia Elande |
||
| 942 |
_2AGRIS _n0 _cANA |
||
| 999 |
_c197543 _d197543 |
||